Congreso Panamericano conmemorativo del de Bolivar (Record no. 46639)

MARC details
000 -LEADER
campo de control de longitud fija 00783nam a2200205 i 4500
001 - NÚMERO DE CONTROL
campo de control 46639
003 - IDENTIFICADOR DE NÚMERO DE CONTROL
campo de control ES-MaACL
005 - FECHA Y HORA DE LA ÚLTIMA TRANSACCIÓN
campo de control 20250405121137.0
007 - CAMPO FIJO DE DESCRIPCIÓN FÍSICA--INFORMACIÓN GENERAL
campo de control de longitud fija t|
008 - DATOS DE LONGITUD FIJA--INFORMACIÓN GENERAL
campo de control de longitud fija 030331s1925 pn ||||1| spa d
245 00 - MENCIÓN DEL TÍTULO
Título Congreso Panamericano conmemorativo del de Bolivar
Resto del título : constitución, reglamento y temas.
260 ## - PUBLICACIÓN, DISTRIBUCIÓN, ETC.
Lugar de publicación, distribución, etc. Panamá :
Nombre del editor, distribuidor, etc. [s.n.],
Fecha de publicación, distribución, etc. 1925 (
Fabricante Imp. Nacional)
300 ## - DESCRIPCIÓN FÍSICA
Extensión 34 p. :
Otras características físicas il. ;
Dimensiones 23 cm.
530 ## - NOTA DISPONIBLE DE FORMULARIO FÍSICO ADICIONAL
Nota de formato físico adicional disponible Disponible en formato digital.
611 24 - PUNTO DE ACCESO ADICIONAL DE MATERIA--NOMBRE DE REUNIÓN/CONGRESO
Nombre de congreso/reunión o jurisdicción como elemento de entrada Congreso Pan-Americano Conmemorativo del de Bolívar.
Fecha del congreso o de la firma del tratado 1926.
Sede del congreso/Lugar de la reunión Panamá)
9 (RLIN) 158945
852 ## - LOCALIZACIÓN
Ubicación ES-MaACL
Número de control de estantería 1689-F-21
itemnumber 48380
Ubicación en estantería Depósito folletos
Nota libre Revisado enlace: 05 de Abril de 2025
856 ## - LOCALIZACIÓN Y ACCESO ELECTRÓNICOS
Identificador Uniforme de Recursos <a href="http://bdh-rd.bne.es/viewer.vm?id=0000175572&page=1 ">http://bdh-rd.bne.es/viewer.vm?id=0000175572&page=1 </a>
Texto de enlace Biblioteca Digital Hispánica
942 ## - ELEMENTOS DE ENTRADA SECUNDARIOS (KOHA)
Fuente del sistema de clasificación o colocación Clasificación decimal universal
Holdings
Estatus retirado Estado de pérdida Estado de daño No para préstamo Colección Biblioteca de origen Biblioteca actual Ubicación en estantería Fecha de adquisición Fuente de adquisición Total de préstamos Signatura topográfica completa Código de barras Visto por última vez Precio de reemplazo Tipo de ítem Koha
        Colección de folletos Biblioteca del Ateneo de Madrid Biblioteca del Ateneo de Madrid Depósito folletos 17/01/2008     1689-F-21 1049054 23/02/2023 23/02/2023 Folleto